| 000 | 00484nam a22001937a 4500 | ||
|---|---|---|---|
| 003 | CEME | ||
| 005 | 20210628205841.0 | ||
| 008 | 210317b xxu||||| |||| 00| 0 eng d | ||
| 020 | _a0-07-064794-1 | ||
| 040 | _c. | ||
| 082 | _a621.382 TIS | ||
| 100 |
_aTischler, Morris _977258 |
||
| 245 | _aTelecommunication a text lab manual | ||
| 250 | _a2ND | ||
| 260 |
_aNEWYORK _bGLENCOE _c1990 |
||
| 300 | _aVII,231P | ||
| 650 |
_aTELECOMMUNICATION TECHNOLOGY _977259 |
||
| 942 |
_cBK _2ddc |
||
| 999 |
_c582558 _d582558 |
||